[Event "Copenhagen Obro New Year op"]
[Site "Copenhagen"]
[Date "2022.12.30"]
[Round "6"]
[White "Wahlgreen, Noah Krug"]
[Black "Olsen, Peter Erik"]
[Result "1/2-1/2"]
[WhiteElo "1971"]
[BlackElo "2170"]
[PlyCount "33"]
[EventDate "2022.12.27"]
[EventType "swiss"]
[EventRounds "7"]
[EventCountry "DEN"]
[SourceTitle "CBM 211 Extra"]
[Source "ChessBase"]
[SourceDate "2023.01.31"]
[SourceVersion "1"]
[SourceVersionDate "2023.01.31"]
[SourceQuality "1"]

1. e4 d5 2. exd5 Qxd5 3. Nc3 Qa5 4. Bc4 Nf6 5. d3 c6 6. Be3 Bf5 7. h3 h5 8. Nf3 e6 9. Qe2 Nbd7 10. Nd4 Bd6 11. Nxf5 Qxf5 12. 0-0-0 Nb6 13. g4 Qg6 14. g5 Nfd5 15. Nxd5 Nxd5 16. h4 Qf5 17. Kb1 1/2-1/2

[Event "DEN-ch Seniors 65+"]
[Site "Logumkloster"]
[Date "2021.06.03"]
[Round "5"]
[White "Jorgensen, Jorgen"]
[Black "Olsen, Peter Erik"]
[Result "1-0"]
[WhiteElo "2157"]
[BlackElo "2221"]
[PlyCount "71"]
[EventDate "2021.05.30"]
[EventType "swiss"]
[EventRounds "7"]
[EventCountry "DEN"]
[SourceTitle "CBM 203 Extra"]
[Source "ChessBase"]
[SourceDate "2021.09.30"]
[SourceVersion "1"]
[SourceVersionDate "2021.09.30"]
[SourceQuality "1"]

1. Nf3 Nf6 2. c4 g6 3. Nc3 Bg7 4. e4 d6 5. d4 0-0 6. Be2 e5 7. 0-0 Nc6 8. d5 Ne7 9. b4 Ne8 10. c5 f5 11. Ng5 Nf6 12. a4 h6 13. cxd6 cxd6 14. Nf3 f4 15. Qb3 g5 16. Nxe5 Nxe4 17. Nxe4 Bxe5 18. Bb2 Ng6 19. Rfe1 g4 20. Bf1 Bf5 21. Rac1 h5 22. Bxe5 Nxe5 23. Qb2 Bxe4 24. Rxe4 Rf7 25. Rxe5 dxe5 26. Qxe5 Qh4 27. d6 g3 28. fxg3 fxg3 29. hxg3 Qf6 30. Qxf6 Rxf6 31. d7 Kg7 32. Rc7 Rd8 33. Rxb7 a6 34. b5 Rd6 35. bxa6 R6xd7 36. Bb5 1-0

[Event "DEN-ch rapid op"]
[Site "Hvidovre"]
[Date "2018.09.09"]
[Round "6"]
[White "Andersen, Rune"]
[Black "Olsen, Peter Erik"]
[Result "0-1"]
[WhiteElo "2137"]
[BlackElo "2251"]
[PlyCount "102"]
[EventDate "2018.09.09"]
[EventType "swiss (rapid)"]
[EventRounds "7"]
[EventCountry "DEN"]
[SourceTitle "EXT 2020"]
[Source "ChessBase"]
[SourceDate "2019.10.17"]
[SourceVersion "1"]
[SourceVersionDate "2019.10.17"]
[SourceQuality "1"]

1. d4 Nf6 2. c4 c5 3. d5 b5 4. cxb5 a6 5. bxa6 g6 6. Nc3 Bxa6 7. g3 d6 8. Bg2 Bg7 9. Nf3 Nbd7 10. Rb1 0-0 11. 0-0 Qa5 12. Bd2 Rfb8 13. Qc2 Nb6 14. b3 Qa3 15. Bc1 Qa5 16. Rd1 Bc8 17. Nh4 Bd7 18. h3 h6 19. e4 Bc8 20. Nf3 Nbd7 21. Bd2 Ba6 22. Na4 Qd8 23. Bc3 Ne8 24. Bxg7 Nxg7 25. g4 Qa5 26. Qd2 Qxd2 27. Rxd2 Rb4 28. Re1 f6 29. Re3 Ne8 30. Ne1 Nc7 31. Nc2 Rbb8 32. f4 g5 33. fxg5 hxg5 34. h4 gxh4 35. Rh3 Ne5 36. Rxh4 Kg7 37. Ne3 Bc8 38. Bh1 Bd7 39. Rdh2 Rh8 40. Rxh8 Rxh8 41. Rxh8 Kxh8 42. Nc3 Nxg4 43. Nxg4 Bxg4 44. Kf2 Bc8 45. Bf3 Kg7 46. Ke3 f5 47. Kf4 Kf6 48. a4 e6 49. Ke3 exd5 50. exd5 Ke5 51. a5 Ba6 0-1

[Event "DEN-ch rapid op"]
[Site "Hvidovre"]
[Date "2018.09.09"]
[Round "4"]
[White "Kristensen, Kaare Hove"]
[Black "Olsen, Peter Erik"]
[Result "1-0"]
[WhiteElo "2347"]
[BlackElo "2251"]
[PlyCount "87"]
[EventDate "2018.09.09"]
[EventType "swiss (rapid)"]
[EventRounds "7"]
[EventCountry "DEN"]
[SourceTitle "EXT 2020"]
[Source "ChessBase"]
[SourceDate "2019.10.17"]
[SourceVersion "1"]
[SourceVersionDate "2019.10.17"]
[SourceQuality "1"]

1. c4 c5 2. Nf3 Nc6 3. e3 Nf6 4. d4 cxd4 5. exd4 d5 6. Nc3 Bg4 7. Bg5 Ne4 8. cxd5 Nxc3 9. bxc3 Qxd5 10. Be3 e5 11. Be2 exd4 12. Nxd4 Qxg2 13. Rf1 Bxe2 14. Qxe2 0-0-0 15. 0-0-0 Qe4 16. f3 Ba3+ 17. Kd2 Qd5 18. Ke1 Rhe8 19. Kf2 Nxd4 20. Rxd4 Qe5 21. Rc4+ Kb8 22. Bf4 Bc5+ 23. Ke1 Qxf4 24. Rxf4 Rxe2+ 25. Kxe2 f6 26. Rd1 Bd6 27. h3 Kc7 28. Re4 Kd7 29. c4 b6 30. Red4 Kc6 31. Kd3 Rd7 32. Re1 Rd8 33. Rg1 Rd7 34. Re1 Rf7 35. Re6 Rd7 36. Rd5 Kc7 37. Ke4 Kc6 38. h4 a6 39. h5 h6 40. Kf5 b5 41. Rdxd6+ Rxd6 42. Rxd6+ Kxd6 43. cxb5 axb5 44. Kg6 1-0

[Event "DEN-ch rapid op"]
[Site "Hvidovre"]
[Date "2018.09.09"]
[Round "7"]
[White "Kristiansen, Jens"]
[Black "Olsen, Peter Erik"]
[Result "1/2-1/2"]
[WhiteElo "2370"]
[BlackElo "2251"]
[PlyCount "80"]
[EventDate "2018.09.09"]
[EventType "swiss (rapid)"]
[EventRounds "7"]
[EventCountry "DEN"]
[SourceTitle "EXT 2020"]
[Source "ChessBase"]
[SourceDate "2019.10.17"]
[SourceVersion "1"]
[SourceVersionDate "2019.10.17"]
[SourceQuality "1"]

1. d4 Nf6 2. c4 c5 3. d5 b5 4. cxb5 a6 5. e3 axb5 6. Bxb5 Qa5+ 7. Nc3 Bb7 8. Bd2 Qb6 9. Bc4 e6 10. e4 Nxe4 11. dxe6 dxe6 12. Nxe4 Bxe4 13. Nf3 Be7 14. Bc3 0-0 15. 0-0 Nc6 16. Qe2 Bd5 17. Rad1 Rfd8 18. a3 Bf8 19. h4 Bxc4 20. Qxc4 Ne7 21. Ng5 h6 22. Ne4 Nd5 23. h5 Nxc3 24. Qxc3 Rab8 25. Rxd8 Rxd8 26. Nd2 Rd5 27. Nc4 Qa6 28. Ne5 Qe2 29. Nf3 Rxh5 30. Re1 Qb5 31. Ne5 Bd6 32. Nc4 Bh2+ 33. Kf1 Be5 34. Rxe5 Rxe5 35. Qxe5 Qxc4+ 36. Kg1 f6 37. Qb8+ Kf7 38. b4 cxb4 39. axb4 e5 40. b5 Qc1+ 1/2-1/2

[Event "Bronshoj Lang Weekend"]
[Site "Copenhagen"]
[Date "2018.02.18"]
[Round "6"]
[White "Olsen, Peter Erik"]
[Black "Nilssen, Ellen Fredericia"]
[Result "1-0"]
[WhiteElo "2182"]
[BlackElo "2049"]
[PlyCount "59"]
[EventDate "2018.02.15"]
[EventType "swiss"]
[EventRounds "7"]
[EventCountry "DEN"]
[SourceTitle "CBM 183 Extra"]
[Source "ChessBase"]
[SourceDate "2018.04.19"]
[SourceVersion "1"]
[SourceVersionDate "2018.04.19"]
[SourceQuality "1"]

1. d4 d5 2. Nf3 Nf6 3. Bg5 e6 4. e3 Be7 5. Bd3 0-0 6. Nbd2 b6 7. 0-0 Bb7 8. c3 Nbd7 9. Ne5 c5 10. Qa4 a6 11. Rae1 b5 12. Qd1 Rc8 13. Qf3 h6 14. Bf4 b4 15. cxb4 cxd4 16. exd4 Bxb4 17. Re2 Qb6 18. Nb3 a5 19. Nxd7 Nxd7 20. Qg3 Kh8 21. Qh4 Qd8 22. Qh3 Qf6 23. Be3 a4 24. Nd2 a3 25. Nf3 g6 26. Bxh6 Kg8 27. Bxf8 Kxf8 28. Bb5 Nb6 29. bxa3 Bxa3 30. Ng5 1-0

[Event "Bronshoj Lang Weekend"]
[Site "Copenhagen"]
[Date "2018.02.17"]
[Round "5"]
[White "Olsen, Peter Erik"]
[Black "Rostgaard, Tobias Valentin"]
[Result "0-1"]
[WhiteElo "2182"]
[BlackElo "2305"]
[PlyCount "88"]
[EventDate "2018.02.15"]
[EventType "swiss"]
[EventRounds "7"]
[EventCountry "DEN"]
[SourceTitle "CBM 183 Extra"]
[Source "ChessBase"]
[SourceDate "2018.04.19"]
[SourceVersion "1"]
[SourceVersionDate "2018.04.19"]
[SourceQuality "1"]

1. d4 Nf6 2. Bg5 d5 3. Bxf6 gxf6 4. c4 dxc4 5. e3 c5 6. Nf3 cxd4 7. Qxd4 Qxd4 8. Nxd4 a6 9. Bxc4 e6 10. Nd2 Nd7 11. 0-0 Bc5 12. N4b3 Bb6 13. Rac1 Ne5 14. Be2 Bd7 15. Nc4 Nxc4 16. Bxc4 Rg8 17. Rfd1 Ke7 18. g3 Rac8 19. Bf1 Rxc1 20. Rxc1 Rc8 21. Rxc8 Bxc8 22. Bg2 Bc7 23. Kf1 Kd6 24. Ke2 b5 25. Kd3 e5 26. Nd2 f5 27. f4 e4+ 28. Ke2 Be6 29. b3 a5 30. g4 Kd5 31. gxf5 Bxf5 32. Nf1 a4 33. h3 axb3 34. axb3 Be6 35. Ng3 f5 36. h4 Bd8 37. Bh3 Bxh4 38. Nxf5 Bf6 39. Kd2 h5 40. Ke2 h4 41. Kf1 Kc5 42. Ke2 Bxb3 43. Bg2 Bc4+ 44. Kd2 Bd3 0-1

[Event "Bronshoj Lang Weekend"]
[Site "Copenhagen"]
[Date "2018.02.15"]
[Round "1"]
[White "Sorensen, Reto Utiger"]
[Black "Olsen, Peter Erik"]
[Result "0-1"]
[WhiteElo "1950"]
[BlackElo "2182"]
[PlyCount "66"]
[EventDate "2018.02.15"]
[EventType "swiss"]
[EventRounds "7"]
[EventCountry "DEN"]
[SourceTitle "CBM 183 Extra"]
[Source "ChessBase"]
[SourceDate "2018.04.19"]
[SourceVersion "1"]
[SourceVersionDate "2018.04.19"]
[SourceQuality "1"]

1. c4 c5 2. Nf3 g6 3. g3 Bg7 4. Bg2 Nc6 5. Nc3 e5 6. 0-0 Nge7 7. a3 a5 8. e3 0-0 9. Nb5 Nf5 10. Rb1 d6 11. b3 Be6 12. Qe2 Re8 13. Rd1 d5 14. cxd5 Bxd5 15. e4 Nfd4 16. Nfxd4 Nxd4 17. Nxd4 exd4 18. Qd3 Bc6 19. b4 axb4 20. axb4 c4 21. Qxc4 Bxe4 22. Bxe4 Rxe4 23. Bb2 Rc8 24. Qd3 Qd5 25. Re1 Rxe1+ 26. Rxe1 h5 27. Re4 Kh7 28. h4 b5 29. g4 hxg4 30. Rxg4 Re8 31. f3 Qe5 32. Bxd4 Qe1+ 33. Kh2 Re2+ 0-1

[Event "Copenhagen OeBRO op"]
[Site "Copenhagen"]
[Date "2016.12.29"]
[Round "5"]
[White "Olsen, Peter Erik"]
[Black "Pedersen, Nicolai Kvist Brond"]
[Result "1/2-1/2"]
[WhiteElo "2228"]
[BlackElo "2132"]
[PlyCount "48"]
[EventDate "2016.12.27"]
[EventType "swiss"]
[EventRounds "7"]
[EventCountry "DEN"]
[SourceTitle "CBM 176 Extra"]
[Source "ChessBase"]
[SourceDate "2017.03.02"]
[SourceVersion "1"]
[SourceVersionDate "2017.03.02"]
[SourceQuality "1"]

1. d4 Nf6 2. Bg5 d5 3. Bxf6 exf6 4. e3 c6 5. c4 dxc4 6. Bxc4 Bd6 7. Nc3 0-0 8. Nge2 Nd7 9. 0-0 f5 10. Rb1 Qe7 11. a3 Nf6 12. Ng3 g6 13. Qf3 Be6 14. Bxe6 Qxe6 15. Rfd1 Rac8 16. Nge2 Ne4 17. Nf4 Qe7 18. Rd3 Rfe8 19. g3 h5 20. Ng2 Kg7 21. Rc1 Qd7 22. Qd1 Be7 23. h4 Red8 24. Qf3 Re8 1/2-1/2

[Event "Copenhagen Obro New Year op"]
[Site "Copenhagen"]
[Date "2013.12.29"]
[Round "4"]
[White "Bekker Jensen, David"]
[Black "Olsen, Peter Erik"]
[Result "0-1"]
[WhiteElo "2316"]
[BlackElo "2213"]
[PlyCount "90"]
[EventDate "2013.12.27"]
[EventType "swiss"]
[EventRounds "7"]
[EventCountry "DEN"]
[SourceTitle "EXT 2018"]
[Source "ChessBase"]
[SourceDate "2017.10.13"]
[SourceVersion "1"]
[SourceVersionDate "2017.10.13"]
[SourceQuality "1"]

1. d4 Nf6 2. c4 c5 3. d5 b5 4. cxb5 a6 5. bxa6 Bxa6 6. Nc3 g6 7. e4 Bxf1 8. Kxf1 d6 9. Nf3 Bg7 10. g3 0-0 11. Kg2 Nbd7 12. a4 Ra6 13. Qe2 Qa8 14. Ra3 e6 15. Nb5 Rxa4 16. Rxa4 Qxa4 17. dxe6 fxe6 18. Nxd6 Ng4 19. Qc4 Qxc4 20. Nxc4 Bd4 21. Nxd4 cxd4 22. f3 Rc8 23. Na3 Nge5 24. Rd1 Nc5 25. Bg5 Nb3 26. Bf6 Nc6 27. Nb5 e5 28. f4 Rb8 29. Nd6 Nc5 30. Kh3 exf4 31. gxf4 Ne6 32. f5 Rb3+ 33. Kg4 h5+ 34. Kh4 Nf4 35. Kg5 Nd3 36. fxg6 Nde5 37. Bxe5 Nxe5 38. Rxd4 Nf3+ 39. Kh6 Nxd4 40. Ne8 Rf3 41. e5 Nf5+ 42. Kg5 Ng7 43. Nd6 Rf2 44. b4 Rxh2 45. b5 Rb2 0-1

[Event "Copenhagen Obro New Year op"]
[Site "Copenhagen"]
[Date "2013.12.28"]
[Round "3"]
[White "Olsen, Peter Erik"]
[Black "Hansen, Mads Smith"]
[Result "1/2-1/2"]
[WhiteElo "2213"]
[BlackElo "2364"]
[PlyCount "38"]
[EventDate "2013.12.27"]
[EventType "swiss"]
[EventRounds "7"]
[EventCountry "DEN"]
[SourceTitle "EXT 2018"]
[Source "ChessBase"]
[SourceDate "2017.10.13"]
[SourceVersion "1"]
[SourceVersionDate "2017.10.13"]
[SourceQuality "1"]

1. d4 d6 2. c4 e5 3. dxe5 dxe5 4. Qxd8+ Kxd8 5. Nc3 c6 6. b3 Be6 7. Bb2 Nd7 8. 0-0-0 Kc7 9. e3 Nh6 10. Bd3 f6 11. Nge2 Ng4 12. Rdf1 a5 13. h3 Nh6 14. Ne4 Be7 15. N2c3 Rhd8 16. Bc2 Bf5 17. Rd1 Nb6 18. Rxd8 Rxd8 19. Rd1 Rxd1+ 1/2-1/2

[Event "Copenhagen Obro New Year op"]
[Site "Copenhagen"]
[Date "2012.12.30"]
[Round "6"]
[White "Olsen, Peter Erik"]
[Black "Hector, Jonny"]
[Result "0-1"]
[WhiteElo "2191"]
[BlackElo "2539"]
[PlyCount "106"]
[EventDate "2012.12.27"]
[EventType "swiss"]
[EventRounds "7"]
[EventCountry "DEN"]
[SourceTitle "CBM 152 Extra"]
[Source "ChessBase"]
[SourceDate "2013.02.25"]
[SourceVersion "1"]
[SourceVersionDate "2013.02.25"]
[SourceQuality "1"]

1. d4 d5 2. c4 c6 3. Nf3 Nf6 4. Qb3 e6 5. Bg5 Be7 6. e3 0-0 7. Nc3 Nbd7 8. Be2 h6 9. Bh4 b6 10. 0-0 Bb7 11. Rfd1 Rc8 12. Rac1 Re8 13. a3 g5 14. Bg3 Nh5 15. e4 Nxg3 16. hxg3 dxe4 17. Nxe4 c5 18. Qe3 f5 19. Nxc5 bxc5 20. Qxe6+ Kg7 21. dxc5 Nxc5 22. Qxf5 Qb6 23. b4 Qf6 24. Qc2 Be4 25. Qa2 Ne6 26. c5 Red8 27. Qc4 Bb7 28. Qb3 g4 29. Nh4 h5 30. Qe3 Rd5 31. Rxd5 Bxd5 32. Bd3 Bf8 33. Rd1 Nc7 34. Nf5+ Kh8 35. Nd6 Bh6 36. Qe2 Rf8 37. Bf5 Bc6 38. Be4 Qe5 39. Qc4 Bxe4 40. Nf7+ Rxf7 41. Qxf7 Bd5 42. Qg6 Bf8 43. Kh2 Bg7 44. b5 Nxb5 45. Rxd5 Qxd5 46. Qe8+ Kh7 47. Qxb5 Bf8 48. Qb1+ Kh6 49. Qb2 Bxc5 50. a4 Kg6 51. Qc2+ Kg7 52. Qe2 Qd4 53. Kg1 Kf6 0-1

[Event "Teplice op 7th"]
[Site "Teplice"]
[Date "2012.06.22"]
[Round "7"]
[White "Klakurka, Stanislav"]
[Black "Olsen, Peter Erik"]
[Result "1-0"]
[WhiteElo "1970"]
[BlackElo "2225"]
[PlyCount "65"]
[EventDate "2012.06.16"]
[EventType "swiss"]
[EventRounds "9"]
[EventCountry "CZE"]
[SourceTitle "CBM 149 Extra"]
[Source "ChessBase"]
[SourceDate "2012.08.24"]
[SourceVersion "1"]
[SourceVersionDate "2012.08.24"]
[SourceQuality "1"]

1. e4 d5 2. exd5 Qxd5 3. Nc3 Qa5 4. d4 Nf6 5. Nf3 Bg4 6. h3 Bh5 7. g4 Bg6 8. Ne5 e6 9. Nc4 Qa6 10. Bf4 Qc6 11. Nd6+ Kd8 12. d5 Nxd5 13. Bb5 Qb6 14. Na4 Qxd6 15. Bxd6 cxd6 16. Bd3 Nc6 17. a3 Be7 18. Qd2 Rc8 19. c4 Ne5 20. Be2 Nxc4 21. Bxc4 Rxc4 22. Qa5+ Kc8 23. Qxa7 Rd8 24. 0-0 Bg5 25. Nb6+ Nxb6 26. Qxb6 h5 27. gxh5 Bf5 28. f4 Bxf4 29. Rxf4 Rxf4 30. Rc1+ Kd7 31. Rc7+ Ke8 32. Rxb7 Bxh3 33. Qc7 1-0

[Event "DEN-ch cand"]
[Site "Helsingor"]
[Date "2012.04.08"]
[Round "6"]
[White "Jorgensen, Michael Brunsgaard"]
[Black "Olsen, Peter Erik"]
[Result "1-0"]
[WhiteElo "2294"]
[BlackElo "2212"]
[PlyCount "95"]
[EventDate "2012.04.03"]
[EventType "swiss"]
[EventRounds "7"]
[EventCountry "DEN"]
[SourceTitle "EXT 2018"]
[Source "ChessBase"]
[SourceDate "2017.10.13"]
[SourceVersion "1"]
[SourceVersionDate "2017.10.13"]
[SourceQuality "1"]

1. d4 Nf6 2. c4 c5 3. d5 b5 4. cxb5 a6 5. bxa6 g6 6. Nc3 Bxa6 7. g3 d6 8. Nf3 Bg7 9. Bg2 Nbd7 10. Rb1 Nb6 11. b3 Bc8 12. Nh4 h6 13. Qc2 Qd7 14. 0-0 g5 15. Nf3 Qf5 16. e4 Qg6 17. Bb2 0-0 18. Rfc1 Nfxd5 19. exd5 Bf5 20. Qd2 Bxb1 21. Nxb1 Rxa2 22. Nc3 Bxc3 23. Qxc3 Qf6 24. Qxf6 exf6 25. Rb1 Rb8 26. Nd2 Nd7 27. Bf1 Ne5 28. Bxe5 fxe5 29. Ne4 Rb6 30. g4 Kf8 31. Bc4 Ke7 32. Kg2 Rb8 33. Re1 Kd7 34. Re3 Ke7 35. Ng3 Rh8 36. Nf5+ Kd7 37. b4 Rc2 38. Bb5+ Kc7 39. bxc5 Rxc5 40. Bc6 Ra5 41. Rb3 Ra7 42. Rc3 h5 43. Bb5+ Kb6 44. Be2 hxg4 45. Rc6+ Ka5 46. Bxg4 Kb4 47. Nxd6 Ra5 48. Nxf7 1-0

[Event "DEN-ch cand"]
[Site "Helsingor"]
[Date "2012.04.05"]
[Round "3"]
[White "Olsen, Peter Erik"]
[Black "Hartvig, Ove Weiss"]
[Result "0-1"]
[WhiteElo "2212"]
[BlackElo "2215"]
[PlyCount "136"]
[EventDate "2012.04.03"]
[EventType "swiss"]
[EventRounds "7"]
[EventCountry "DEN"]
[SourceTitle "EXT 2018"]
[Source "ChessBase"]
[SourceDate "2017.10.13"]
[SourceVersion "1"]
[SourceVersionDate "2017.10.13"]
[SourceQuality "1"]

1. d4 g6 2. c4 Nf6 3. Nc3 d5 4. cxd5 Nxd5 5. e4 Nxc3 6. bxc3 Bg7 7. Be3 0-0 8. Qd2 c5 9. Rb1 cxd4 10. cxd4 Nc6 11. d5 Qa5 12. Qxa5 Nxa5 13. Bd2 b6 14. Bb4 Bd7 15. Ba6 Rfe8 16. Nf3 e6 17. 0-0 exd5 18. exd5 Rad8 19. Bxa5 bxa5 20. Rb7 Bc8 21. Rxa7 Bxa6 22. Rxa6 Rxd5 23. g3 Rd3 24. Re1 Rxe1+ 25. Nxe1 Rd1 26. Ra8+ Bf8 27. Re8 Kg7 28. Kf1 Bb4 29. h3 h5 30. h4 Kf6 31. f3 Ra1 32. Re2 a4 33. Kf2 Bxe1+ 34. Rxe1 Rxa2+ 35. Ke3 a3 36. Rc1 Kg7 37. Rc3 Ra1 38. Kf4 f6 39. Rc7+ Kh6 40. Ra7 a2 41. Ra6 Kg7 42. Ra7+ Kf8 43. Ra6 Ke7 44. Ra8 Kd6 45. Ra5 Ke6 46. Ra7 Kd5 47. Ra6 Kc4 48. Ra8 Kd3 49. Ra3+ Ke2 50. Ra4 Kf2 51. Ra3 Kg2 52. Ra4 Kh3 53. Ra3 Rb1 54. Rxa2 Rb4+ 55. Ke3 Kxg3 56. Ra1 Rb3+ 57. Ke4 f5+ 58. Ke5 Rb6 59. f4 Kxh4 60. Rg1 Kh3 61. Kd4 Kh2 62. Rg5 h4 63. Ke5 h3 64. Kd4 Rb4+ 65. Ke5 Re4+ 66. Kd5 Rxf4 67. Rxg6 Rg4 68. Ra6 f4 0-1

[Event "Copenhagen Challenge"]
[Site "Ballerup"]
[Date "2011.05.19"]
[Round "3"]
[White "Poulsen, Iver"]
[Black "Olsen, Peter Erik"]
[Result "1/2-1/2"]
[WhiteElo "2100"]
[BlackElo "2241"]
[PlyCount "108"]
[EventDate "2011.05.18"]
[EventType "swiss"]
[EventRounds "9"]
[EventCountry "DEN"]
[SourceTitle "EXT 2018"]
[Source "ChessBase"]
[SourceDate "2017.10.13"]
[SourceVersion "1"]
[SourceVersionDate "2017.10.13"]
[SourceQuality "1"]

1. e4 d5 2. exd5 Qxd5 3. Nc3 Qa5 4. d4 Nf6 5. Nf3 Bg4 6. h3 Bh5 7. g4 Bg6 8. Ne5 e6 9. Bg2 c6 10. h4 Nbd7 11. Nxd7 Kxd7 12. h5 Be4 13. Bxe4 Nxe4 14. Qf3 Nxc3 15. bxc3 Be7 16. Bd2 Qd5 17. Ke2 Rad8 18. Rab1 Kc8 19. Rb3 Rd7 20. Rhb1 h6 21. Qxd5 exd5 22. Rg1 Re8 23. f4 f5 24. Kf3 fxg4+ 25. Rxg4 Bf6 26. Rb1 Rde7 27. Rgg1 b6 28. Rbe1 Kd7 29. Rxe7+ Rxe7 30. Re1 Rxe1 31. Bxe1 Ke6 32. Kg4 Be7 33. f5+ Kd7 34. Bg3 Bf6 35. Kf3 c5 36. Ke3 Kc6 37. a4 a5 38. dxc5 Kxc5 39. Kd3 b5 40. Bc7 bxa4 41. Bxa5 Kb5 42. Bb4 d4 43. Ba3 dxc3 44. Bf8 Be5 45. Ke4 Bf6 46. Kd3 Kc6 47. Kc4 Be5 48. Bb4 Bf6 49. Bf8 Be5 50. Bb4 Kb6 51. Bf8 Kc6 52. Bb4 Bf6 53. Bf8 Be5 54. Bb4 Bf6 1/2-1/2

[Event "Copenhagen Challenge"]
[Site "Ballerup"]
[Date "2011.05.18"]
[Round "1"]
[White "Borg, Flemming"]
[Black "Olsen, Peter Erik"]
[Result "0-1"]
[WhiteElo "1854"]
[BlackElo "2241"]
[PlyCount "66"]
[EventDate "2011.05.18"]
[EventType "swiss"]
[EventRounds "9"]
[EventCountry "DEN"]
[SourceTitle "EXT 2018"]
[Source "ChessBase"]
[SourceDate "2017.10.13"]
[SourceVersion "1"]
[SourceVersionDate "2017.10.13"]
[SourceQuality "1"]

1. e4 d5 2. exd5 Qxd5 3. Nc3 Qa5 4. Bc4 Nf6 5. Nf3 Bg4 6. 0-0 Nc6 7. Bb5 0-0-0 8. Bxc6 bxc6 9. h3 Bh5 10. Re1 e6 11. Re5 Qxe5 12. Nxe5 Bxd1 13. Nxd1 Rg8 14. Nxc6 Re8 15. Nxa7+ Kb7 16. Nb5 Nd5 17. d4 Rd8 18. Be3 Be7 19. a4 Ra8 20. c4 Nb4 21. b3 Rgd8 22. Na3 Bf6 23. Nc3 Bxd4 24. Bxd4 Rxd4 25. Rc1 Rad8 26. Nab1 Na2 27. Re1 Nxc3 28. Nxc3 Rd3 29. Rc1 Rd2 30. Rb1 R8d3 31. Ne4 Rd1+ 32. Rxd1 Rxd1+ 33. Kh2 h6 0-1

[Event "DEN-ch cand"]
[Site "Odense"]
[Date "2011.04.24"]
[Round "6"]
[White "Ochsner, Bjorn Moller"]
[Black "Olsen, Peter Erik"]
[Result "1-0"]
[WhiteElo "2211"]
[BlackElo "2237"]
[PlyCount "61"]
[EventDate "2011.04.19"]
[EventType "swiss"]
[EventRounds "7"]
[EventCountry "DEN"]
[SourceTitle "EXT 2018"]
[Source "ChessBase"]
[SourceDate "2017.10.13"]
[SourceVersion "1"]
[SourceVersionDate "2017.10.13"]
[SourceQuality "1"]

1. e4 d5 2. exd5 Qxd5 3. Nc3 Qa5 4. d4 Nf6 5. Nf3 Bg4 6. h3 Bh5 7. g4 Bg6 8. Ne5 e6 9. h4 Nbd7 10. Nc4 Qa6 11. Rh3 h6 12. Ne5 Qb6 13. Nxg6 fxg6 14. g5 Ng8 15. Re3 Ne7 16. Bh3 0-0-0 17. Rxe6 Qa5 18. Re5 Qb6 19. Qd3 Kb8 20. Re6 Nc5 21. dxc5 Rxd3 22. cxb6 Rxh3 23. Nd5 axb6 24. Nxe7 Bxe7 25. Rxe7 hxg5 26. hxg5 Rh1+ 27. Ke2 Rd8 28. Bf4 Rxa1 29. Bxc7+ Kc8 30. Bxd8 Kxd8 31. Rxb7 1-0